| 000 | 01382 a2200217 4500 | ||
|---|---|---|---|
| 001 | 60429 | ||
| 005 | 20260407155855.0 | ||
| 008 | 260407a1984 arg spa d | ||
| 003 | AR-UNSa-BCEJYS | ||
| 040 |
_aAR-UNSa-BCEJYS _bspa _cAR-UNSa-BCEJYS |
||
| 080 |
_a94(82) _xHistoria de Argentina |
||
| 245 | 1 | 0 | _a"Proceso", crisis y transición democrática |
| 020 | _a978-950-25-0044-7 | ||
| 264 | 1 |
_aBuenos Aires : _bCentro Editor de America Latina _c1984 |
|
| 300 |
_a163 p. _c18 cm. |
||
| 505 | _a1. Democracia en Argentina: micro y macro / Guillermo O´Donnell - 2. Privatización autoritaria y recreación de la escena pública / Oscar Ozlak - 3. Organizaciones coorporativas y proceso democrático / Emilio J. Corbiere - 4. El "proceso de reorganización Nacional" y el sistema jurídico / Enrique Groisman - 5. Independencia, autogobierno y asocianismo de los jueces: por una práctica judicial alternativa/ Roberto Bergali - 6. Cultura y política en la transición democrática / Oscar Landi - 7. Algunos aspectos centrales de la cuestión universitaria en la Argentina de hoy / Enrique Oteiza - 8. La concertación social; una perspectiva sobre los instrumentos de regulación económico-social en procesos de democratización / María Grossi y Mario R. Dos Santos | ||
| 041 | _aspa | ||
| 942 | _cBK | ||
| 590 | _aniveau_biblio:m niveau_hierar:0 | ||
| 100 | 1 | _aOszlak, Oscar | |
| 999 |
_c6982 _d6982 |
||